书目信息 |
| 题名: |
土地利用
|
|
| 作者: | 史培军 著 | |
| 分册: | ||
| 出版信息: | 北京 科学出版社 2004 |
|
| 页数: | 262页 | |
| 开本: | 26cm | |
| 丛书名: | ||
| 单 册: | ||
| 中图分类: | F301 , X171.1 | |
| 科图分类: | ||
| 主题词: | 土地利用--影响--生态环境--研究 , 土地利用 , 生态环境 , 土地--覆盖--影响--生态环境--研究 , 覆盖 , 土地 | |
| 电子资源: | ||
| ISBN: | 7-03-012727-7 | |
| 000 | 01117nam0 2200325 450 | |
| 000 | 01124nam0 2200325 450 | |
| 000 | 01057nam0 2200301 450 | |
| 000 | 01020nam0 2200289 45 | |
| 005 | 20070525130436.79 | |
| 010 | @a7-03-012727-7@dCNY54.00 | |
| 100 | @a20070419d2004 em y0chiy0120 ea | |
| 101 | 1 | @achi@ceng |
| 102 | @aCN@b110000 | |
| 105 | @aa z 000yy | |
| 200 | 1 | @a土地利用@ATu Di Li Yong@e覆盖变化与生态安全响应机制@EFu Gai Bian Hua Yu Sheng Tai An Quan Xiang Ying Ji Zhi@f史培军等著@FShi Pei Jun Deng Zhu |
| 210 | @a北京@c科学出版社@d2004 | |
| 215 | @a262页@c图@d26cm | |
| 330 | @a本书对土地利用/覆盖变化遥感测量新技术及其区域应用案例研究进行总结,并探讨区域土地利用/覆盖变化对生态环境的影响机制等。 | |
| 510 | 1 | @aLand Use/Cover Change and Ecosystem Security@zeng |
| 606 | 0 | @a土地利用@x影响@x生态环境@x研究 |
| 606 | 0 | @a土地利用 |
| 606 | 0 | @a生态环境 |
| 606 | 0 | @a土地@x覆盖@x影响@x生态环境@x研究 |
| 606 | 0 | @a覆盖 |
| 606 | 0 | @a土地 |
| 690 | @aF301@v4 | |
| 690 | @aX171.1@v4 | |
| 701 | 0 | @a史培军@AShi Pei Jun@4著 |
| 801 | 0 | @aCN@bTAOJIN@c20070525 |
| 905 | @a10447@dF301@e18 | |
| 土地利用:覆盖变化与生态安全响应机制/史培军等著.-北京:科学出版社,2004 |
| 262页:图;26cm |
| ISBN 7-03-012727-7:CNY54.00 |
| 本书对土地利用/覆盖变化遥感测量新技术及其区域应用案例研究进行总结,并探讨区域土地利用/覆盖变化对生态环境的影响机制等。 |
| ● |
| 相关链接 |
|
|
|
|
正题名:土地利用
索取号:F301/18
 
预约/预借
| 序号 | 登录号 | 条形码 | 馆藏地/架位号 | 状态 | 备注 |
| 1 | 0522576 | 205225763 | 第一样本阅览室/ [索取号:F301/18] | 在馆 | |
| 2 | 0522577 | 205225772 | 第一借阅区/ [索取号:F301/18] | 在馆 | |
| 3 | 0522578 | 205225781 | 第一借阅区/ [索取号:F301/18] | 在馆 |